| 000 | 00462nab a2200145Ia 4500 | ||
|---|---|---|---|
| 003 | ES-SlBCS | ||
| 005 | 20210601125237.0 | ||
| 008 | 140529s1977 xxu||||| |||| 00| 0 eng d | ||
| 041 | _aeng | ||
| 100 | 1 |
_aMorillo, Carolyn R. _9132407 |
|
| 245 | 0 | 4 |
_aThe Logic of Arguments from Contingency _c Carolyn R. Morillo |
| 650 | 0 | 4 |
_aContingencia-Lógica _9155896 |
| 773 | 0 |
_tPhilosophy and Phenomenological Research _gvol. 37, 1977, págs. 408-417 _wRev1411 |
|
| 942 | _cAR | ||
| 999 |
_c527134 _d527134 |
||